| 000 | 00360nam a22001337a 4500 | ||
|---|---|---|---|
| 020 | _a978-81-8137-826-2 | ||
| 082 |
_a530 _bBHA/S |
||
| 100 | _aN.S.BHANDARI | ||
| 245 |
_aSCANNER PHYSICS _bCLASS XII |
||
| 260 |
_aDELHI _bRACHNA SAGAR PVT LTD _c2014 |
||
| 300 | _a666 | ||
| 650 |
_aCBSE 8 YEARS PAPER, NCERT TEXTBOOK SOLUTIONS TO CRACK 2016 EXAM _zINDIA |
||
| 942 | _cBK | ||
| 999 |
_c678 _d678 |
||